000 00484nam a2200181 a 4500
001 1773128579465
003 YourLibrary
005 20260310131720.0
008 260310s2009##################000#0#eng##
020 _a9780199532193
082 0 4 _a340.07
_bCAR
100 1 _aCarr, Helen,
_eauthor.
245 1 0 _aSkills for Law Students :
260 _bOxford University Press, USA,
_c2009.
650 0 _aBar examinations.
942 _cENGLISH
040 _aYourLibrary
_beng
_cYourLibrary
999 _c617476
_d617476